Normal view
MARC view
- Urban ecology (Sociology)
Entry Topical Term
001 - CONTROL NUMBER
- control field: 927
003 - CONTROL NUMBER IDENTIFIER
- control field: NUST
005 - DATE AND TIME OF LATEST TRANSACTION
- control field: 20170516162154.0
008 - FIXED-LENGTH DATA ELEMENTS
- fixed length control field: 170516|| aca||aabn | a|a d
040 ## - CATALOGING SOURCE
- Original cataloging agency: NUST
- Transcribing agency: NUST
150 ## - HEADING--TOPICAL TERM
- Topical term or geographic name entry element: Urban ecology (Sociology)
670 ## - SOURCE DATA FOUND
- Source citation: Work cat.: (NUST)0: Farr, Douglas. 925, Sustainable urbanism :, c2008.
